[Event "San Cristobal de La Laguna op 1st"]
[Site "San Cristobal de La Laguna"]
[Date "2018.09.05"]
[Round "7"]
[White "Castro Acosta, Andres"]
[Black "Kosov, Alexey"]
[Result "1/2-1/2"]
[WhiteElo "2119"]
[BlackElo "2208"]
[PlyCount "60"]
[EventDate "2018.08.31"]
[EventType "swiss"]
[EventRounds "9"]
[EventCountry "ESP"]
[SourceTitle "CBM 186 Extra"]
[Source "ChessBase"]
[SourceDate "2018.08.24"]
[SourceVersion "1"]
[SourceVersionDate "2018.08.24"]
[SourceQuality "1"]

1. d4 Nf6 2. c4 g6 3. Nf3 Bg7 4. g3 0-0 5. Bg2 d6 6. 0-0 c5 7. dxc5 dxc5 8. Nc3 Nc6 9. Bf4 Nh5 10. Be3 Nd4 11. Qc1 Bg4 12. Rd1 Bxf3 13. Bxf3 Nxf3+ 14. exf3 Qc8 15. Nd5 Re8 16. Bg5 Kf8 17. Bh6 e6 18. Bxg7+ Kxg7 19. Qc3+ f6 20. Ne3 Qc7 21. Rd3 Rad8 22. Rad1 Rxd3 23. Qxd3 Kf7 24. Qd7+ Qxd7 25. Rxd7+ Re7 26. Rd8 Re8 27. Rd7+ Re7 28. Rd8 Re8 29. Rd7+ Re7 30. Rd8 Re8 1/2-1/2

[Event "San Cristobal de La Laguna op 1st"]
[Site "San Cristobal de La Laguna"]
[Date "2018.09.03"]
[Round "5"]
[White "Cuenca Jimenez, Jose Fernando"]
[Black "Kosov, Alexey"]
[Result "1-0"]
[WhiteElo "2506"]
[BlackElo "2208"]
[PlyCount "43"]
[EventDate "2018.08.31"]
[EventType "swiss"]
[EventRounds "9"]
[EventCountry "ESP"]
[SourceTitle "CBM 186 Extra"]
[Source "ChessBase"]
[SourceDate "2018.08.24"]
[SourceVersion "1"]
[SourceVersionDate "2018.08.24"]
[SourceQuality "1"]

1. Nf3 Nf6 2. c4 g6 3. d4 Bg7 4. g3 0-0 5. Bg2 d6 6. 0-0 c5 7. Nc3 Nc6 8. dxc5 dxc5 9. Be3 Be6 10. Qa4 Nd4 11. Rad1 Bd7 12. Qa3 Nc2 13. Qxc5 b6 14. Qg5 h6 15. Qf4 g5 16. Qe5 Ng4 17. Qd5 Ncxe3 18. fxe3 Nxe3 19. Qxd7 Nxf1 20. Kxf1 Bxc3 21. bxc3 e6 22. Ke1 1-0

[Event "Tenerife-chT Preferente 1718"]
[Site "Tenerife"]
[Date "2017.12.02"]
[Round "3.2"]
[White "Abreu Suarez, Isauro"]
[Black "Kosov, Alexey"]
[Result "0-1"]
[WhiteElo "2003"]
[BlackElo "2199"]
[PlyCount "68"]
[EventDate "2017.11.11"]
[EventType "team-tourn"]
[EventRounds "14"]
[EventCountry "ESP"]
[SourceTitle "EXT 2019"]
[Source "ChessBase"]
[SourceDate "2018.10.10"]
[SourceVersion "1"]
[SourceVersionDate "2018.10.10"]
[SourceQuality "1"]
[WhiteTeam "Canarias 64"]
[BlackTeam "El Sauzal Gofio Plus"]
[WhiteTeamCountry "ESP"]
[BlackTeamCountry "ESP"]

1. b4 c6 2. Bb2 a5 3. b5 d5 4. e3 Nf6 5. c4 Bf5 6. Nf3 e6 7. a4 Bb4 8. Nc3 0-0 9. Be2 c5 10. Na2 dxc4 11. Ne5 Nbd7 12. Nxc4 Nb6 13. Bxf6 gxf6 14. 0-0 Nxc4 15. Bxc4 Qxd2 16. Qf3 Qd7 17. e4 Bg6 18. Qxf6 Rfd8 19. Bb3 Qd4 20. e5 c4 21. Rad1 Bd2 22. Rxd2 Qxd2 23. Bxc4 Rd4 24. Bb3 Re8 25. g3 Rd3 26. Bc4 Ra3 27. h4 Rxa2 28. Bb3 Ra3 29. Rd1 Qh6 30. h5 Rxb3 31. Rd8 Rb1+ 32. Kg2 Be4+ 33. f3 Rb2+ 34. Kf1 Rxd8 0-1

[Event "Tenerife-chT Preferente 1718"]
[Site "Tenerife"]
[Date "2017.11.18"]
[Round "2.1"]
[White "Fernandez Garcia, Jose Luis"]
[Black "Kosov, Alexey"]
[Result "1-0"]
[WhiteElo "2422"]
[BlackElo "2199"]
[PlyCount "35"]
[EventDate "2017.11.11"]
[EventType "team-tourn"]
[EventRounds "14"]
[EventCountry "ESP"]
[SourceTitle "EXT 2019"]
[Source "ChessBase"]
[SourceDate "2018.10.10"]
[SourceVersion "1"]
[SourceVersionDate "2018.10.10"]
[SourceQuality "1"]
[WhiteTeam "Fundacion La Caja de Canarias"]
[BlackTeam "El Sauzal Gofio Plus"]
[WhiteTeamCountry "ESP"]
[BlackTeamCountry "ESP"]

1. e4 c5 2. Nf3 Nc6 3. Bb5 Qb6 4. Nc3 e6 5. 0-0 Nge7 6. Re1 Nd4 7. a4 Nec6 8. Bxc6 Nxf3+ 9. Qxf3 Qxc6 10. d4 cxd4 11. Nb5 e5 12. Qg3 d6 13. c3 a6 14. cxd4 Qb6 15. Nc3 Be6 16. dxe5 dxe5 17. Be3 Qa5 18. Nd5 1-0

[Event "Santa Cruz de Tenerife Autumn op"]
[Site "Santa Cruz de Tenerife"]
[Date "2017.10.23"]
[Round "7"]
[White "Hidalgo Santana, Fernando"]
[Black "Kosov, Alexey"]
[Result "1-0"]
[WhiteElo "2128"]
[BlackElo "2192"]
[PlyCount "88"]
[EventDate "2017.10.09"]
[EventType "swiss"]
[EventRounds "9"]
[EventCountry "ESP"]
[SourceTitle "CBM 181 Extra"]
[Source "ChessBase"]
[SourceDate "2017.12.12"]
[SourceVersion "1"]
[SourceVersionDate "2017.12.12"]
[SourceQuality "1"]

1. g3 g6 2. Bg2 Bg7 3. f4 d5 4. d3 c6 5. Nf3 Qb6 6. c3 Nh6 7. e4 dxe4 8. dxe4 0-0 9. Qe2 Rd8 10. Be3 Qc7 11. h3 b6 12. Bd4 Ba6 13. Qf2 f6 14. Bf1 Bxf1 15. Qxf1 e5 16. fxe5 Nd7 17. Nbd2 c5 18. Qc4+ Kh8 19. exf6 Nxf6 20. Be5 Qc6 21. 0-0-0 b5 22. Qe2 a5 23. g4 Nf7 24. Bxf6 Bxf6 25. h4 b4 26. c4 Ne5 27. Nxe5 Bxe5 28. Nf3 Rxd1+ 29. Rxd1 Bf4+ 30. Kb1 Re8 31. e5 a4 32. Rd5 b3 33. Qd3 Qc8 34. Rd7 bxa2+ 35. Kxa2 Qb8 36. Qd6 Qxd6 37. exd6 Re3 38. Ng5 Bxg5 39. hxg5 Rd3 40. Rc7 Rxd6 41. Rxc5 Rd4 42. Ka3 Rxg4 43. Kxa4 h5 44. gxh6 Rg1 1-0

[Event "Santa Cruz de Tenerife Autumn op"]
[Site "Santa Cruz de Tenerife"]
[Date "2017.10.18"]
[Round "5"]
[White "Kosov, Alexey"]
[Black "Fernandez Garcia, Jose Luis"]
[Result "1/2-1/2"]
[WhiteElo "2192"]
[BlackElo "2431"]
[PlyCount "64"]
[EventDate "2017.10.09"]
[EventType "swiss"]
[EventRounds "9"]
[EventCountry "ESP"]
[SourceTitle "CBM 181 Extra"]
[Source "ChessBase"]
[SourceDate "2017.12.12"]
[SourceVersion "1"]
[SourceVersionDate "2017.12.12"]
[SourceQuality "1"]

1. e4 e5 2. Nf3 Nc6 3. Bc4 Nf6 4. d3 Be7 5. 0-0 0-0 6. Re1 d6 7. c3 Na5 8. Bb5 a6 9. Ba4 b5 10. Bc2 c5 11. Nbd2 Nc6 12. Nf1 Re8 13. h3 Bf8 14. Bg5 h6 15. Bxf6 Qxf6 16. Ne3 Be6 17. Bb3 Rab8 18. Nd2 Qg5 19. Qf3 Ne7 20. Kh2 Qf4+ 21. g3 Qxf3 22. Nxf3 Rec8 23. Bxe6 fxe6 24. b3 Nc6 25. Kg2 Be7 26. h4 Rb7 27. Rad1 b4 28. d4 bxc3 29. dxe5 dxe5 30. Nc4 Nb4 31. Re2 Rd8 32. Rc1 c2 1/2-1/2

[Event "Tenerife-chT Preferente 1617"]
[Site "Tenerife"]
[Date "2017.04.08"]
[Round "12.1"]
[White "Fernandez Garcia, Jose Luis"]
[Black "Kosov, Alexey"]
[Result "1-0"]
[WhiteElo "2427"]
[BlackElo "2176"]
[PlyCount "97"]
[EventDate "2016.12.10"]
[EventType "team-tourn"]
[EventRounds "14"]
[EventCountry "ESP"]
[SourceTitle "EXT 2018"]
[Source "ChessBase"]
[SourceDate "2017.10.13"]
[SourceVersion "1"]
[SourceVersionDate "2017.10.13"]
[SourceQuality "1"]
[WhiteTeam "Cajacanarias"]
[BlackTeam "El Sauzal"]
[WhiteTeamCountry "ESP"]
[BlackTeamCountry "ESP"]

1. e4 c5 2. Nf3 d6 3. Bb5+ Bd7 4. Bxd7+ Qxd7 5. 0-0 Nc6 6. c3 Nf6 7. Re1 e6 8. d4 d5 9. exd5 Qxd5 10. Be3 cxd4 11. Nxd4 Nxd4 12. Bxd4 Be7 13. Na3 0-0 14. Nc2 Rfd8 15. Ne3 Qg5 16. Qf3 Nd5 17. g3 Bf6 18. h4 Qg6 19. Nxd5 Rxd5 20. Bxf6 Qxf6 21. Qxf6 gxf6 22. Rad1 Rad8 23. Rxd5 Rxd5 24. Re4 Rb5 25. b4 Rd5 26. a4 Kf8 27. Rc4 Rd7 28. Kf1 Ke7 29. g4 Kd8 30. Ke2 Rd5 31. Rd4 Rxd4 32. cxd4 Kd7 33. Ke3 Kc6 34. Ke4 b5 35. a5 Kd6 36. f4 f5+ 37. gxf5 exf5+ 38. Kxf5 Kd5 39. Kf6 Kxd4 40. f5 Ke4 41. h5 h6 42. a6 Kf4 43. Kxf7 Kxf5 44. Ke7 Ke5 45. Kd7 Kd5 46. Kc7 Ke6 47. Kc6 Ke5 48. Kxb5 Kd5 49. Ka4 1-0

[Event "Moscow Youth Games U16"]
[Site "Moscow"]
[Date "2002.06.19"]
[Round "2"]
[White "Geller, Jakov"]
[Black "Kosov, Alexey"]
[Result "1-0"]
[WhiteElo "2437"]
[BlackElo "2280"]
[PlyCount "57"]
[EventDate "2002.06.18"]
[EventType "swiss"]
[EventRounds "7"]
[EventCountry "RUS"]
[SourceTitle "CBM 088 Extra"]
[Source "ChessBase"]
[SourceDate "2002.07.01"]
[SourceVersion "2"]
[SourceVersionDate "2002.07.01"]
[SourceQuality "1"]

1. e4 c5 2. Nc3 d6 3. f4 Nc6 4. Nf3 g6 5. Bc4 Bg7 6. 0-0 e6 7. d3 Nge7 8. Qe1 0-0 9. f5 d5 10. Bb3 Nd4 11. Nxd4 Bxd4+ 12. Kh1 c4 13. dxc4 dxc4 14. Bxc4 exf5 15. Bg5 Qc7 16. Bb3 Bg7 17. Qh4 Re8 18. Rae1 Be6 19. Ba4 Nc6 20. exf5 Bxf5 21. Nd5 Qa5 22. Nf6+ Bxf6 23. Bxf6 Rxe1 24. Rxe1 Qb4 25. c4 Be6 26. Bxc6 bxc6 27. Bc3 Qb7 28. Qf6 Kf8 29. Rxe6 1-0

[Event "RUS-ch U14"]
[Site "Smolensk"]
[Date "2001.??.??"]
[Round "?"]
[White "Fomin, Andrey"]
[Black "Kosov, Alexey"]
[Result "1/2-1/2"]
[WhiteElo "2349"]
[BlackElo "2193"]
[PlyCount "58"]
[EventDate "2001.??.??"]
[EventType "swiss"]
[EventRounds "11"]
[EventCountry "RUS"]
[SourceTitle "EXT 2002"]
[Source "ChessBase"]
[SourceDate "2001.11.25"]
[SourceVersion "1"]
[SourceVersionDate "2001.11.25"]
[SourceQuality "1"]

1. e4 c5 2. c3 d5 3. exd5 Qxd5 4. d4 Nc6 5. Nf3 e5 6. dxe5 Qxd1+ 7. Kxd1 Bg4 8. Bf4 0-0-0+ 9. Ke1 Nge7 10. Nbd2 Ng6 11. Bg3 f6 12. exf6 gxf6 13. Be2 Bh6 14. h3 Bh5 15. Rd1 Rhe8 16. Nc4 Nf4 17. Bxf4 Bxf4 18. Rxd8+ Kxd8 19. Kd1 Kc7 20. Bd3 Rg8 21. g4 Bf7 22. Re1 h5 23. Nfd2 hxg4 24. hxg4 Rxg4 25. Ne4 Rg2 26. Rh1 Bh2 27. Bf1 Rg1 28. Rxg1 Bxg1 29. Nxf6 Bxf2 1/2-1/2

[Event "RUS-ch U14"]
[Site "Smolensk"]
[Date "2001.??.??"]
[Round "?"]
[White "Ivanov, Alexey2"]
[Black "Kosov, Alexey"]
[Result "1/2-1/2"]
[WhiteElo "2425"]
[BlackElo "2193"]
[PlyCount "52"]
[EventDate "2001.??.??"]
[EventType "swiss"]
[EventRounds "11"]
[EventCountry "RUS"]
[SourceTitle "EXT 2002"]
[Source "ChessBase"]
[SourceDate "2001.11.25"]
[SourceVersion "1"]
[SourceVersionDate "2001.11.25"]
[SourceQuality "1"]

1. e4 c5 2. Nf3 d6 3. d4 cxd4 4. Nxd4 Nf6 5. Nc3 Nc6 6. Be3 e5 7. Nf3 Be7 8. Bc4 0-0 9. 0-0 a6 10. Qe2 b5 11. Bb3 Qc7 12. Rfd1 h6 13. Nd5 Nxd5 14. Bxd5 Be6 15. c4 Bxd5 16. cxd5 Na5 17. Rac1 Qd7 18. b3 Rfc8 19. Qd3 Bd8 20. Nd2 Rxc1 21. Rxc1 Rc8 22. Rc3 Rxc3 23. Qxc3 Qc7 24. Qxc7 Bxc7 25. b4 Nb7 26. Kf1 Kh7 1/2-1/2